000 00719nam a2200217 a 4500
001 000021088
005 20200930011230.0
008 100830s2001 sp r 000 f spa d
020 _a8408039571
040 _aDO-SdBNP
_bspa
_cBNPHU
082 _a843.914
_bJ19p
100 1 _aJacq, Christian
_d1947-
_913608
240 1 0 _aLa pierre de lumière. Paneb l'ardent
_lEspañol
245 1 3 _aLa piedra de luz 3 :
_bPaneb el ardiente /
_cChristian Jacq; traducción Manuel Serrat.
260 _aBarcelona :
_bPlanetas,
_c2001.
300 _a396 p. ;
_c18 cm.
534 _aTítulo original :
_tLa pierre de lumière. Paneb l'ardent
650 4 _aNovela francesa
_91075
650 4 _aLiteratura francesa
_91074
049 _aBNGR
999 _c20590
_d20590